000 00977cab a2200253 4500
001 ABS67454
008 040204n2004 000 0 eng u
035 _a(Sirsi) u125031
100 _aMurdoch, J.
245 4 _aThe scheme of things
260 _c2004
490 _aEstates Gazette
_v(0404) 24 January 2004, 107(1)
520 _a"Marcic v Thames Water Utilities Ltd", ([2003] UKHL 77, Abs67372) demonstrates the point that sewerage undertakers' decisions on whether to build new sewers are challengeable through an action for private nuisance. The statutory regime for the enforcement of sewerage undertakers' obligations complies with the Human Rights Act 1998.
590 _aABS
650 _aMARCIC V THAMES WATER UTILITIES LTD
650 _aPUBLIC AUTHORITY
650 _aSTATUTORY UNDERTAKERS
650 _aNUISANCE
650 _aHUMAN RIGHTS ACT 1998
650 _aNEGLIGENCE
650 _aSEWERS
690 _aPROPERTY LAW AND PRACTICE
942 _n0
999 _c74113
_d74113